Statistiques concernant Différentes viandes / Poisson

Cliquez ici pour prendre le quiz!

Statistiques générales

  • Ce quiz a été pris 111 fois
  • Le résultat moyen est 10 sur 16

Statistiques - réponses

Réponse% Correct
Poulet
97%
Boeuf
91%
Saumon
90%
Lapin
81%
Poulpe
81%
Porc
76%
Thon
73%
Agneau
72%
Canard
61%
Truite
56%
Dinde
53%
Cabillaud
51%
Sole
51%
Cheval
43%
Soja
18%
Sanglier
13%

Distribution des résultats

Percentile par nombre de réponses

% des personnes avec chaque résultat

Votre développement - résultats

Vous n’avez pas pris ce quiz